Article 9 of the UN declaration of Human Rights - Statistics

General Stats
  • This quiz has been taken 16 times
  • The average score is 6 of 12
Answer Stats
Question Answer % Correct
What type of detention does article 9 protect All of the Above
83%
How many articles are in the UN declaration of Human Rights 30
67%
What IS true about the case Shafiq v Australia (2006) All of the above
67%
Did the Nasir v Australia (2016) case have an effective remedy No
67%
What is article 9 of the UN declaration of Human Rights No one shall be subjected to arbitrary arrest, detention or exile.
67%
What is NOT true about the case Nasir v Australia (2016) He died while in detention
50%
Did the Shafiq v Australia (2006) case have an effective remedy Their was a partial remedy as he was released as soon as the HRC recommended but was not financially compensated
50%
Which ex-socceroos player leads the Game Over campaign pushing for the release of asylum seekers and refugees in off-shore detention centres Craig Foster
33%
What does section 189 of the 1958 migration act (Cth) state unlawful non-citizens must be placed in indefinite immigration detention
33%
In what year did Australia ratify the International Covenant on Civil and Political Rights 1980
17%
How many nations are a party to the 1951 refugee convention 26
17%
How many Afghan asylum seekers were on people smuggling boat that Nasir was on 46
17%
No matching quizzes found
Score Distribution
Percent of People with Each Score
Percentile by Number Answered
Your Score History
You have not taken this quiz